Open Data Biblioteca Nacional de Portugal


República Portuguesa: Ministério da Cultura
Biblioteca Nacional de Portugal

Catálogo da BNP: acesso por Identificadores Unívocos
Registos Bibliográficos associados ao registo de autoridade

Etiqueta de registo: 00230nam 2200025 450
001 1801106
003 http://id.bnportugal.gov.pt/bib/catbnp/1801106
010 ## $a978-989-8148-63-6
021 ## $aPT$b326421/11
100 ## $a20120123d2011 de y0pory0103 ba
101 0# $apor
102 ## $aPT
105 ## $aa z 000yy
106 ## $ar
200 1# $aAjudem-me a estudar!$fBárbara Mourão, Diana Almeida
210 #9 $aPorto$cLivpsic,$d2011
215 ## $a118 p.$cil.$d24 cm
225 2# $aLivpsic.$iPsicologia
675 ## $a37.02/.03(072)$vBN$zpor$31457704
700 #1 $aMourão,$bBárbara$31481357
701 #1 $91$aAlmeida,$bDiana$4070$31481362
801 #0 $aPT$bBN$gRPC
856 41 $uhttp://rnod.bnportugal.gov.pt/ImagesBN/winlibimg.aspx?skey=&doc=1801106&img=5009&save=true
900 ## $aBIBNAC$d20121001
966 ## $lBN$mFGMON$sS.C. 130371 V.$x1
966 ## $lBN$mFGMON$sS.C. 130371 V.-D$x1

Etiqueta de registo: 00000nam 2200025 450
001 1949108
003 http://id.bnportugal.gov.pt/bib/catbnp/1949108
010 ## $a978-989-51-7737-0
021 ## $aPT$b408111/16
100 ## $a20161123d2016 bc y0pory01030103ba
101 0# $apor
102 ## $aPT
105 ## $aa z 000yy
106 ## $ar
200 1# $a Os mochinhos da sabedoria a trabalhar a atenção$fDiana Almeida, Isa Bernardo, Sandra Costa
205 ## $a1ª ed
210 #9 $aLisboa$cChiado Editora,$d2016
215 ## $a263, [1] p.$cil.$d30 cm
225 2# $aRecreio
675 ## $a37.03(072)$vBN$zpor$31429020
700 #1 $91$aAlmeida,$bDiana$31481362
701 #1 $aBernardo,$bIsa$4070$31663957
701 #1 $96$aCosta,$bSandra$4070$31663958
801 #0 $aPT$bBN$gRPC
856 41 $uhttp://rnod.bnportugal.gov.pt/ImagesBN/winlibimg.aspx?skey=&doc=1949108&img=86545&save=true
900 ## $aBIBNAC$d20161221
966 ## $lBN$mFGMON$sS.C. 144500 V.$x1
966 ## $lBN$mFGMON$sS.C. 144500 V.-D$x1

Etiqueta de registo: 00254nam 2200025 450
001 2147006
003 http://id.bnportugal.gov.pt/bib/catbnp/2147006
010 ## $a978-972-0-10838-8
021 ## $aPT$b517553/23
100 ## $a20231023d2023 b y0pory01030103ba
101 0# $apor
102 ## $aPT
105 ## $aa j 000yy
106 ## $ar
200 1# $aBloco de atividades pré-escolares Panda$eletras, 4-6 anos, educação pré-escolar$fDiana Almeida
210 #9 $aPorto$cPorto Editora,$d2023
215 ## $a[32] f.$cil.$d15 cm
675 ## $a37.03(075)$vBN$zpor$3492032
700 #1 $91$aAlmeida,$bDiana$31481362
801 #0 $aPT$bBN$gRPC
856 41 $uhttp://rnod.bnportugal.gov.pt/ImagesBN/winlibimg.aspx?skey=&doc=2147006&img=184837&save=true
900 ## $aBIBNAC$d20231030
966 ## $lBN$mFGMON$sS.C. 46008 P.$x1
971 ## $cssilva$d20231023
972 ## $e0$z0$d20231030$viquintas

Etiqueta de registo: 00254nam 2200025 450
001 2146994
003 http://id.bnportugal.gov.pt/bib/catbnp/2146994
010 ## $a978-972-0-10837-1
021 ## $aPT$b517888/23
100 ## $a20231023d2023 b y0pory01030103ba
101 0# $apor
102 ## $aPT
105 ## $aa j 000yy
106 ## $ar
200 1# $aBloco de atividades pré-escolares Panda$enúmeros, 4-6 anos, educação pré-escolar$fDiana Almeida
210 #9 $aPorto$cPorto Editora,$d2023
215 ## $a[32] f.$cil.$d15 cm
675 ## $a37.03(075)$vBN$zpor$3492032
700 #1 $91$aAlmeida,$bDiana$31481362
801 #0 $aPT$bBN$gRPC
856 41 $uhttp://rnod.bnportugal.gov.pt/ImagesBN/winlibimg.aspx?skey=&doc=2146994&img=184835&save=true
900 ## $aBIBNAC$d20231030
966 ## $lBN$mFGMON$sS.C. 46007 P.$x1
971 ## $cssilva$d20231023
972 ## $e0$z0$d20231030$viquintas

Etiqueta de registo: 00254nam 2200025 450
001 2224683
003 http://id.bnportugal.gov.pt/bib/catbnp/2224683
010 ## $a978-972-0-11147-0
021 ## $aPT$b542493/25
100 ## $a20250829d2025 bc y0pory01030103ba
101 0# $apor
102 ## $aPT
105 ## $aa j 000yy
106 ## $ar
200 1# $aVamos para o Jardim de Infância$ematemática 5-6 anos, educação pré-escolar$fcriação intelectual Diana Almeida
210 #9 $aPorto$cPorto Editora,$d2025
215 ## $a94 p., [3] f.$cil.$d30 cm
675 ## $a37.03(075)$vBN$zpor$3492032
702 #1 $91$aAlmeida,$bDiana$4560$31481362
801 #0 $aPT$bBN$gRPC
856 41 $uhttp://rnod.bnportugal.gov.pt/ImagesBN/winlibimg.aspx?skey=&doc=2224683&img=211890&save=true
900 ## $aBIBNAC$d20250912
966 ## $lBN$mFGMON$sS.C. 167475 V.$x1
971 ## $cabrito$d20250829
972 ## $e0$z0$d20250912$viquintas
973 ## $cigoulao$d20250908

Etiqueta de registo: 00254nam 2200025 450
001 2225475
003 http://id.bnportugal.gov.pt/bib/catbnp/2225475
010 ## $a978-972-0-11148-7
021 ## $aPT$b548147/25
100 ## $a20250905d2025 bc y0pory01030103ba
101 0# $apor
102 ## $aPT
105 ## $aa j 000yy
106 ## $ar
200 1# $aVamos para o Jardim de Infância$elinguagem oral e abordagem à escrita, 4-5 anos, educação pré-escolar$fDiana Almeida
210 #9 $aPorto$cPorto Editora,$d2025
215 ## $a78, [1] p., [2] f. com autocolantes, il. $cil.$d30 cm
675 ## $a811.134.3(075)$vBN$zpor$3790953
675 ## $a373.29(469)(075)$vBN$zpor$31967466
700 #1 $91$aAlmeida,$bDiana$31481362
801 #0 $aPT$bBN$gRPC
856 41 $uhttp://rnod.bnportugal.gov.pt/ImagesBN/winlibimg.aspx?skey=&doc=2225475&img=212835&save=true
900 ## $aBIBNAC$d20251003
966 ## $lBN$mFGMON$sL. 178448 V.$x1
971 ## $corlando$d20250905
972 ## $e0$z0$d20251003$vasantos
973 ## $cacosta$d20250925
974 ## $e0$d20250925$vrsimoes

Etiqueta de registo: 00254nam 2200025 450
001 2225534
003 http://id.bnportugal.gov.pt/bib/catbnp/2225534
010 ## $a978-972-0-11146-3
021 ## $aPT$b541921/25
100 ## $a20250905d2025 bc y0pory01030103ba
101 0# $apor
102 ## $aPT
105 ## $aa j 000yy
106 ## $ar
200 1# $aVamos para o jardim de infância$elinguagem oral e abordagem escrita, 5-6 anos$fDiana Almeida
210 #9 $aPorto$cPorto Editora,$d2025
215 ## $a94 p., [3] f.$cil.$d30 cm
675 ## $a373.29(469)(075)$vBN$zpor$31967466
675 ## $a811.134.3(075)$vBN$zpor$3790953
700 #1 $91$aAlmeida,$bDiana$31481362
801 #0 $aPT$bBN$gRPC
856 41 $uhttp://rnod.bnportugal.gov.pt/ImagesBN/winlibimg.aspx?skey=&doc=2225534&img=212907&save=true
900 ## $aBIBNAC$d20251007
966 ## $lBN$mFGMON$sL. 178483 V.$x1
971 ## $ccsilva$d20250905
972 ## $e0$z0$d20251007$vasantos
973 ## $cacosta$d20250929

Etiqueta de registo: 00254nam 2200025 450
001 2229759
003 http://id.bnportugal.gov.pt/bib/catbnp/2229759
010 ## $a978-972-0-11150-0
021 ## $aPT$b548478/25
100 ## $a20251027d2025 b y0pory01030103ba
101 0# $apor
102 ## $aPT
105 ## $aa j 000yy
106 ## $ar
200 1# $aVamos para o jardim de infância$elinguagem oral e abordagem à escrita, matemática, 3-4 anos, educação pré-escolar$fDiana Almeida
210 #9 $aPorto$cPorto Editora,$d2025
215 ## $a94, [2] p., [4] f. com autocolantes$cil.$d30 cm
675 ## $a811.134.3(075.2)$vBN$zpor$31216110
675 ## $a51(075.2)$vBN$zpor$31220297
700 #1 $91$aAlmeida,$bDiana$31481362
801 #0 $aPT$bBN$gRPC
856 41 $uhttp://rnod.bnportugal.gov.pt/ImagesBN/winlibimg.aspx?skey=&doc=2229759&img=215140&save=true
900 ## $aBIBNAC$d20251121
966 ## $lBN$mFGMON$sL. 179158 V.$x1
971 ## $casantos$d20251027
973 ## $caalmeid$d20251112
975 ## $e0$d20251121$viquintas

OpendataBNP@bnportugal.pt | Mais informação sobre acesso aos dados BNP